zpět

Detail výsledku týmu

U Gregorů, Nymburk

Datum a čas kvízu

25 Celkem bodů Celkový počet nahraných bodů na tomto kvízu bez doplňovacích otázek.
5. Pořadí na kvízu Konečné umístění týmu na tomto kvízu.

Zaznamenané odpovědi

# Otázka Odpověď Body Výsledky
1. V Jiráskově divadle v České Lí... selata (divočáci) 0
2. Který výrobce nápojů se sídlem... Capri-Sun 1
3. Která kapela minulý týden ozná... Linkin Park 1
4. Minulý týden byla ve Veverskýc... pomocí SMS 0
5. Ve středu byla poblíž sídla Če... Věra Čáslavská, David Černý 0
6. Ruské město Nižnij Novgorod ne... Gorkij 0
7. Panovník jisté africké země za... Svazijsko/Svazijské království 0
8. Napište bývalý název Bratislav... Prešpurk/Prešporok/Prešporek; 1919 (1914–1924) 0
9. Když Portugalci objevili jistý... Tchaj-wan 0
10. Zhruba rok po vyhlazení českýc... o Panamu 0